000 00384 a2200121 4500
001 ART_39591
005 20260410162000.0
008 260409a
245 1 0 _aAportes para el mejoramiento de la calidad universitaria
100 1 _aLarocca, Norberto Genaro
700 1 _aSuárez Kimura, Elsa Beatriz
773 0 _tPropuestas
_g- Año 1, Nº 1 (jun. 1995)
_wREV28258
999 _c31213
_d31213